| 000 | 00376nam a2200157Ia 4500 | ||
|---|---|---|---|
| 003 | LK-CoDNM | ||
| 005 | 20230916140318.0 | ||
| 008 | 010623t xxu||||| |||| 00| 1 fra d | ||
| 040 |
_aLK-CoDNM _dLK-CoDNM _eLK-CoDNM |
||
| 041 | _afra | ||
| 080 | _a12BB15 | ||
| 100 | _aBroers,A. | ||
| 245 | _aK.Ten Bruggencate Engelsch Woordenboek | ||
| 300 | _bxi,956p., 19 cm | ||
| 942 | _cBK | ||
| 999 |
_c134811 _d134811 |
||